[Event "Hvar op"]
[Site "Hvar"]
[Date "2023.10.19"]
[Round "7"]
[White "Gal, Andrej"]
[Black "Blokland, Bent"]
[Result "1-0"]
[WhiteElo "2079"]
[BlackElo "1754"]
[PlyCount "123"]
[EventDate "2023.10.15"]
[EventType "swiss"]
[EventRounds "9"]
[EventCountry "CRO"]
[SourceTitle "Mega2024 Update 01"]
[Source "Chessbase"]
[SourceDate "2023.11.12"]
[SourceVersion "1"]
[SourceVersionDate "2023.11.12"]
[SourceQuality "1"]

1. d4 d5 2. c4 e6 3. Nf3 c6 4. Qc2 Be7 5. g3 Nf6 6. Bg2 0-0 7. 0-0 Nbd7 8. Nbd2 Qc7 9. Rd1 Re8 10. e4 dxe4 11. Nxe4 e5 12. dxe5 Nxe5 13. Bf4 Nxf3+ 14. Bxf3 Qa5 15. c5 Nxe4 16. Qxe4 Be6 17. b4 Qa4 18. Be3 Rad8 19. Rxd8 Rxd8 20. Bg4 Bf6 21. Bxe6 Bxa1 22. Bb3 Qa3 23. Qe7 Rf8 24. Qxb7 Bc3 25. b5 cxb5 26. c6 Qd6 27. Bf4 Be5 28. c7 Qxc7 29. Qxc7 Bxc7 30. Bxc7 Rc8 31. Ba5 Rc6 32. Kf1 Rf6 33. Bb4 h5 34. h4 g6 35. Ke2 Rc6 36. Kd3 Rc1 37. Kd4 Rf1 38. Kc5 Rxf2 39. Kxb5 Rf6 40. Bc5 Rf3 41. Bd6 Rf6 42. Bf4 Rb6+ 43. Kc5 Rf6 44. Bc4 Rb6 45. a4 Kf8 46. a5 Rb1 47. a6 Rb6 48. Bb5 Ke7 49. Bc7 Rf6 50. Bc6 Rf5+ 51. Bd5 Kd7 52. Bb8 Rf1 53. Bxa7 Ra1 54. Bb7 Kc7 55. Bb6+ Kb8 56. Kc6 Rc1+ 57. Bc5 Ra1 58. Be7 Rc1+ 59. Kd7 Ka7 60. Ke8 Rf1 61. Bc5+ Kb8 62. Bd5 1-0